Homiee - chytrý dom ovládaný hlasom

Guardado en:
Detalles Bibliográficos
Autor principal: Slávik, Štefan, 1955-
Formato: Capítulo de libro
Lenguaje:eslovaco
Materias:
Etiquetas: Agregar Etiqueta
Sin Etiquetas, Sea el primero en etiquetar este registro!

MARC

LEADER 00000naa$a2200000$$$4500
001 0225982
005 20240502073717.5
041 0 |a slo 
044 |a SK 
245 1 0 |a Homiee - chytrý dom ovládaný hlasom  |c Štefan Slávik 
610 2 0 |a štúdie prípadové 
610 2 0 |a start-up 
610 2 0 |a technológie nové 
610 2 0 |a bývanie 
610 2 0 |a ekológia 
100 1 |a Slávik, Štefan, 1955-